| 000 | 00825cam a2200301 a 4500 | ||
|---|---|---|---|
| 999 |
_c8126 _d8126 |
||
| 001 | 8126 | ||
| 003 | BD-JhCC | ||
| 005 | 20180218193704.0 | ||
| 008 | 770822s1960 ii 001 0 eng | ||
| 035 | _a(BD-JhCC)8126 | ||
| 035 | _a(DLC)61044070 | ||
| 035 | _a(UkLCURL)9861044070 | ||
| 040 |
_aDLC _cTCU _dOCoLC _dDLC _dBD-JhCC |
||
| 041 | _aeng | ||
| 050 | 0 | 0 |
_aDS485.B49 _bB6 |
| 082 | _bBOS 1960 | ||
| 090 | _aLCo | ||
| 100 | 1 | _aBose, Nemai Sadhan. | |
| 245 | 1 | 4 |
_aThe Indian awakening and Bengal / _cby Nemi Sadhan Bose. |
| 250 | _a1st ed. | ||
| 260 |
_aCalcutta : _bFirma K. L. Mukhopadhyay, _c1960. |
||
| 300 |
_aiv, 260 p. ; _c23 cm. |
||
| 504 | _aIncludes bibliographical references and index. | ||
| 650 | 0 |
_aNationalism _zIndia. |
|
| 651 | 0 |
_aBengal (India) _xHistory. |
|
| 942 |
_2ddc _cBK |
||